[Event "GER-chT U12"]
[Site "Magdeburg"]
[Date "2023.12.30"]
[Round "7.3"]
[White "Gersemann, Karl"]
[Black "Kovalyov, Dima"]
[Result "1-0"]
[WhiteElo "1520"]
[BlackElo "1665"]
[PlyCount "87"]
[EventDate "2023.12.26"]
[EventType "team-swiss"]
[EventRounds "7"]
[EventCountry "GER"]
[SourceTitle "CB03_2024"]
[SourceDate "2024.01.17"]
[SourceVersion "1"]
[SourceVersionDate "2024.01.17"]
[SourceQuality "1"]
[WhiteTeam "Oberschoeneweide"]
[BlackTeam "Solingen"]
[WhiteTeamCountry "GER"]
[BlackTeamCountry "GER"]

1. e4 c6 2. Nf3 d5 3. Nc3 dxe4 4. Nxe4 Nf6 5. Qe2 Nxe4 6. Qxe4 Nd7 7. Bc4 Nf6 8. Qe2 e6 9. d3 Bd6 10. Bd2 a5 11. a3 b5 12. Ba2 Qc7 13. h3 h6 14. 0-0-0 Bf4 15. g3 Bxd2+ 16. Rxd2 Qd6 17. Ne5 Nd5 18. c4 Nb6 19. d4 bxc4 20. Qf3 Rf8 21. Bb1 f5 22. Qh5+ Kd8 23. Nf7+ Rxf7 24. Qxf7 c3 25. Qg8+ Kc7 26. Qxg7+ Bd7 27. Rc2 cxb2+ 28. Kxb2 Na4+ 29. Kc1 Qxa3+ 30. Kd2 Qb4+ 31. Ke3 Nc3 32. Qe5+ Kb7 33. Qc5 Nd5+ 34. Kf3 Qb3+ 35. Kg2 f4 36. Ba2 Qd3 37. Bxd5 exd5 38. Rb1+ Kc8 39. Qf8+ Kc7 40. Qxf4+ Kc8 41. Qf8+ Kc7 42. Qxa8 Bxh3+ 43. Kxh3 Qxc2 44. Rb7+ 1-0

[Event "GER-chT U12"]
[Site "Magdeburg"]
[Date "2023.12.28"]
[Round "3.3"]
[White "Gersemann, Karl"]
[Black "Derr, Oleg"]
[Result "0-1"]
[WhiteElo "1520"]
[BlackElo "1801"]
[PlyCount "62"]
[EventDate "2023.12.26"]
[EventType "team-swiss"]
[EventRounds "7"]
[EventCountry "GER"]
[SourceTitle "CB03_2024"]
[SourceDate "2024.01.17"]
[SourceVersion "1"]
[SourceVersionDate "2024.01.17"]
[SourceQuality "1"]
[WhiteTeam "Oberschoeneweide"]
[BlackTeam "Offenbach"]
[WhiteTeamCountry "GER"]
[BlackTeamCountry "GER"]

1. e4 Nf6 2. e5 Nd5 3. c4 Nb6 4. d4 d6 5. f4 dxe5 6. fxe5 Bf5 7. Nc3 e6 8. Nf3 Bb4 9. Be3 c5 10. Be2 Nc6 11. Rc1 cxd4 12. Bxd4 Nxd4 13. Nxd4 Qc7 14. Nxf5 exf5 15. Qb3 Bc5 16. Qb5+ Nd7 17. Rd1 Rd8 18. Rd5 a6 19. Qa4 0-0 20. b4 Be3 21. Qc2 Nxe5 22. c5 Nc6 23. a3 Ne7 24. Qb3 Nxd5 25. Nxd5 Rxd5 26. Qxd5 f4 27. Bf3 Rd8 28. Qb3 Qe5 29. Be2 Qa1+ 30. Bd1 Qd4 31. Qc2 Bf2+ 0-1

[Event "GER-chT U12"]
[Site "Magdeburg"]
[Date "2023.12.28"]
[Round "4.5"]
[White "Rodriguez Klasen, Ennio"]
[Black "Gersemann, Karl"]
[Result "1/2-1/2"]
[WhiteElo "1622"]
[BlackElo "1520"]
[PlyCount "139"]
[EventDate "2023.12.26"]
[EventType "team-swiss"]
[EventRounds "7"]
[EventCountry "GER"]
[SourceTitle "CB03_2024"]
[SourceDate "2024.01.17"]
[SourceVersion "1"]
[SourceVersionDate "2024.01.17"]
[SourceQuality "1"]
[WhiteTeam "Berlin Empor"]
[BlackTeam "Oberschoeneweide"]
[WhiteTeamCountry "GER"]
[BlackTeamCountry "GER"]

1. e4 e5 2. Nf3 Nc6 3. Bb5 a6 4. Bxc6 dxc6 5. 0-0 Bd6 6. d4 exd4 7. Qxd4 f6 8. Nbd2 Be6 9. b3 Ne7 10. Bb2 Ng6 11. h3 Qd7 12. Nc4 Nf4 13. Rfe1 Bxc4 14. bxc4 c5 15. Qc3 Ng6 16. Qb3 0-0-0 17. Rab1 Qc6 18. e5 fxe5 19. Bxe5 Nxe5 20. Nxe5 Bxe5 21. Rxe5 Rhe8 22. Qe3 b6 23. Re1 Rxe5 24. Qxe5 Qg6 25. Qc3 Qf7 26. f3 Kb7 27. a3 Rd4 28. Re4 Qf6 29. Qe1 Qd6 30. Qc3 Rd1+ 31. Kf2 Qd2+ 32. Qxd2 Rxd2+ 33. Re2 Rd6 34. h4 Rd7 35. g4 c6 36. Re5 Kc7 37. h5 Kd6 38. Re8 a5 39. a4 h6 40. Ke2 Rb7 41. Ra8 Ke6 42. c3 Kd6 43. Rd8+ Ke7 44. Rg8 Kd6 45. Rd8+ Ke7 46. Ra8 Kd6 47. f4 Ke6 48. Ke3 Re7 49. Rd8 Rb7 50. Ra8 Re7 51. Ra6 Rb7 52. Ke4 Kf6 53. Ra8 Re7+ 54. Kd3 Rd7+ 55. Kc2 Re7 56. Rf8+ Ke6 57. Rb8 Kd6 58. Rxb6 Re4 59. Rb7 Rxf4 60. Rxg7 Rxc4 61. Kb3 Rf4 62. Rg6+ Kd5 63. Rxh6 Rxg4 64. c4+ Kd4 65. Rd6+ Ke5 66. Rxc6 Rg3+ 67. Kb2 Kd4 68. Rg6 Rh3 69. Rg4+ Kd3 70. Kb3 1/2-1/2

[Event "GER-chT U12"]
[Site "Magdeburg"]
[Date "2023.12.27"]
[Round "1.4"]
[White "Gersemann, Karl"]
[Black "Meitzner, Jonathan Franz"]
[Result "1-0"]
[WhiteElo "1520"]
[BlackElo "1409"]
[PlyCount "95"]
[EventDate "2023.12.26"]
[EventType "team-swiss"]
[EventRounds "7"]
[EventCountry "GER"]
[SourceTitle "CB03_2024"]
[SourceDate "2024.01.17"]
[SourceVersion "1"]
[SourceVersionDate "2024.01.17"]
[SourceQuality "1"]
[WhiteTeam "Oberschoeneweide"]
[BlackTeam "Eichsfeld"]
[WhiteTeamCountry "GER"]
[BlackTeamCountry "GER"]

1. e4 c5 2. Nf3 d6 3. d4 cxd4 4. Nxd4 Nf6 5. Nc3 a6 6. Be3 e5 7. Nb3 Be7 8. f3 0-0 9. Qd2 Be6 10. 0-0-0 Nbd7 11. g4 b5 12. g5 Nh5 13. Nd5 Bxd5 14. exd5 Nb6 15. Na5 Qc7 16. Nc6 Rfe8 17. b3 Nd7 18. h4 Nb8 19. Nxe7+ Rxe7 20. Bh3 Nd7 21. Bg4 Nf4 22. Bxf4 exf4 23. Bxd7 Rxd7 24. Qxf4 Rc8 25. Qd2 a5 26. Rhe1 Qc5 27. Kb2 b4 28. Re4 Qb5 29. Qd4 Rdc7 30. Rd2 Rc3 31. f4 Rb8 32. h5 Qc5 33. Qxc5 Rxc5 34. Re7 Rd8 35. f5 Kf8 36. Re3 Re8 37. Rxe8+ Kxe8 38. Rd3 Kd7 39. Kc1 Rc3 40. Rxc3 bxc3 41. Kd1 Kc7 42. Ke2 Kb6 43. g6 hxg6 44. f6 gxf6 45. h6 Kc5 46. h7 Kxd5 47. h8Q Ke5 48. Ke3 1-0

[Event "GER-ch U10"]
[Site "Willingen"]
[Date "2023.06.03"]
[Round "11"]
[White "Gersemann, Karl"]
[Black "Sheng, Ming"]
[Result "0-1"]
[WhiteElo "1751"]
[BlackElo "1675"]
[PlyCount "80"]
[EventDate "2023.05.27"]
[EventType "swiss"]
[EventRounds "11"]
[EventCountry "GER"]
[SourceTitle "CBM 214 Extra"]
[Source "ChessBase"]
[SourceDate "2023.07.31"]
[SourceVersion "1"]
[SourceVersionDate "2023.07.31"]
[SourceQuality "1"]

1. e4 c6 2. Nf3 d5 3. Nc3 Nf6 4. Qe2 Bg4 5. d3 e6 6. h3 Bxf3 7. gxf3 Bb4 8. a3 Qa5 9. Bd2 d4 10. Nb1 Bxd2+ 11. Nxd2 Nbd7 12. b4 Qc7 13. Rg1 g6 14. Nb3 Qd6 15. Na5 b5 16. c4 dxc3 17. Rc1 c5 18. Nb7 Qb6 19. Na5 cxb4 20. axb4 Rc8 21. Qe3 Qd6 22. Qxa7 Qxb4 23. Qa6 0-0 24. Nc6 Qc5 25. d4 Rxc6 26. dxc5 Rxa6 27. Bxb5 Ra5 28. Bxd7 Nxd7 29. c6 Ne5 30. Ke2 Rc5 31. Rg5 f6 32. Rg3 Nxc6 33. f4 c2 34. f5 exf5 35. exf5 Rxf5 36. Rc3 Nb4 37. Rb3 Rf4 38. Ke3 g5 39. Rg1 Re8+ 40. Kd2 Rxf2+ 0-1

[Event "GER-ch U10"]
[Site "Willingen"]
[Date "2023.05.28"]
[Round "2"]
[White "Gersemann, Karl"]
[Black "Wagener, Nicolas"]
[Result "1/2-1/2"]
[WhiteElo "1751"]
[BlackElo "1506"]
[PlyCount "136"]
[EventDate "2023.05.27"]
[EventType "swiss"]
[EventRounds "11"]
[EventCountry "GER"]
[SourceTitle "CBM 214 Extra"]
[Source "ChessBase"]
[SourceDate "2023.07.31"]
[SourceVersion "1"]
[SourceVersionDate "2023.07.31"]
[SourceQuality "1"]

1. e4 c5 2. Nf3 e6 3. d4 cxd4 4. Nxd4 Nf6 5. Bd3 a6 6. Nc3 Bb4 7. Bd2 Nc6 8. Nxc6 bxc6 9. e5 Bxc3 10. bxc3 Nd5 11. Qg4 g6 12. c4 Qc7 13. f4 Ne7 14. Bb4 c5 15. Bc3 Bb7 16. 0-0 0-0 17. Rae1 h5 18. Qg5 Qd8 19. Re3 Nf5 20. Qxd8 Rfxd8 21. Bxf5 exf5 22. Ba5 Re8 23. Rd1 Re7 24. Red3 Bc6 25. Bb6 Rb8 26. Bxc5 Re6 27. Rb3 Rc8 28. Rdb1 Bxg2 29. Rb8 Rec6 30. Kxg2 Rxc5 31. Rxc8+ Rxc8 32. Rb4 a5 33. Ra4 f6 34. exf6 Kf7 35. Kf3 Kxf6 36. Ke3 Re8+ 37. Kd3 Re4 38. Rxa5 Rxf4 39. Rd5 Ke6 40. a4 Rf2 41. a5 Rxh2 42. Kc3 Rh1 43. Kb2 Rh4 44. Kb3 Re4 45. a6 Kf6 46. Rxd7 Re8 47. c5 h4 48. a7 h3 49. Rh7 Ra8 50. Kb4 h2 51. Kb5 Rxa7 52. Rxh2 Ke6 53. Kb6 Ra4 54. c6 Rb4+ 55. Kc7 f4 56. Rd2 g5 57. Rd6+ Ke5 58. Kd7 Rc4 59. c7 Rxc7+ 60. Kxc7 f3 61. c4 f2 62. Rd1 g4 63. c5 g3 64. c6 g2 65. Kb8 g1Q 66. Rxg1 fxg1Q 67. c7 Qb6+ 68. Ka8 Qxc7 1/2-1/2

[Event "GER-chT U10"]
[Site "Magdeburg"]
[Date "2021.08.07"]
[Round "3.4"]
[White "Gersemann, Karl"]
[Black "Marrufo, Adriana"]
[Result "1-0"]
[WhiteElo "1318"]
[BlackElo "844"]
[PlyCount "71"]
[EventDate "2021.08.06"]
[EventType "team-swiss"]
[EventRounds "7"]
[EventCountry "GER"]
[SourceTitle "EXT 2022"]
[Source "ChessBase"]
[SourceDate "2021.10.06"]
[SourceVersion "1"]
[SourceVersionDate "2021.10.06"]
[SourceQuality "1"]
[WhiteTeam "Oberschoeneweide"]
[BlackTeam "Werder Bremen"]
[WhiteTeamCountry "GER"]
[BlackTeamCountry "GER"]

1. d4 d5 2. c4 e6 3. Nc3 Nf6 4. Nf3 Be7 5. e3 0-0 6. Be2 b6 7. cxd5 exd5 8. 0-0 Bb7 9. b3 Nbd7 10. Bb2 c5 11. dxc5 bxc5 12. Rc1 Rc8 13. Qc2 c4 14. bxc4 dxc4 15. Rfd1 Rc6 16. Nd4 Rd6 17. Bxc4 Ne8 18. Bd3 Bh4 19. Bxh7+ Kh8 20. Be4 Rg6 21. Bxb7 Qg5 22. f4 Qg4 23. Bf3 Qxf3 24. Nxf3 Nef6 25. Nxh4 Rg4 26. g3 Re8 27. Kf2 Nc5 28. Rd4 Ne6 29. Rb4 Nc5 30. Rd1 Nfe4+ 31. Nxe4 Nxe4+ 32. Rxe4 Rf8 33. Re5 f6 34. Rh5+ Kg8 35. Qc4+ Rf7 36. Rd8# 1-0

[Event "GER-chT School WK GS"]
[Site "Playchess.com INT"]
[Date "2020.06.18"]
[Round "7.4"]
[White "Gersemann, Karl"]
[Black "Engel, Bruno"]
[Result "1-0"]
[WhiteElo "1681"]
[BlackElo "1620"]
[PlyCount "125"]
[EventDate "2020.06.11"]
[EventType "team-swiss (blitz)"]
[EventRounds "7"]
[EventCountry "GER"]
[SourceTitle "EXT 2021"]
[Source "ChessBase"]
[SourceDate "2020.10.23"]
[SourceVersion "1"]
[SourceVersionDate "2020.10.23"]
[SourceQuality "1"]
[WhiteTeam "Berlin Rotation"]
[BlackTeam "Lauerholz SHO"]
[WhiteTeamCountry "GER"]
[BlackTeamCountry "GER"]

1. d4 d5 2. c4 e6 3. Nc3 Nf6 4. Nf3 Bb4 5. a3 Bxc3+ 6. bxc3 Ne4 7. cxd5 Nxc3 8. Qb3 Nxd5 9. e4 Nf6 10. e5 Nd5 11. Bg5 f6 12. exf6 Nxf6 13. Bxf6 Qxf6 14. Rc1 Nc6 15. Bb5 Bd7 16. Bxc6 Bxc6 17. 0-0 Bxf3 18. gxf3 0-0 19. Qxb7 Qxd4 20. Qxc7 Rxf3 21. Qc6 Rff8 22. Qxe6+ Kh8 23. Rcd1 Qf6 24. Qxf6 gxf6 25. Rfe1 Kg7 26. Rd7+ Rf7 27. Rxf7+ Kxf7 28. Rb1 Kg6 29. Kg2 Rc8 30. Rb7 Ra8 31. a4 a5 32. Rb5 Ra7 33. Kf3 Kf7 34. Ke4 Ke6 35. Kd4 Ra6 36. Kc5 Kd7 37. Rb6 Ra7 38. Kb5 Kc7 39. Ra6 Kb7 40. Rxa7+ Kxa7 41. Kxa5 h5 42. Kb5 Kb7 43. a5 f5 44. a6+ Ka7 45. f4 h4 46. h3 Kb8 47. Kb6 Ka8 48. Kc6 Ka7 49. Kd5 Kxa6 50. Ke5 Kb7 51. Kxf5 Kc7 52. Ke6 Kd8 53. f5 Ke8 54. Kf6 Kf8 55. Kg6 Kg8 56. f6 Kh8 57. Kf7 Kh7 58. Ke8 Kg8 59. f7+ Kh8 60. f8Q+ Kh7 61. Qf5+ Kg8 62. Qg5+ Kh8 63. Kf7 1-0

[Event "GER-chT School WK GS"]
[Site "Playchess.com INT"]
[Date "2020.06.18"]
[Round "6.4"]
[White "Schulz, Timon"]
[Black "Gersemann, Karl"]
[Result "0-1"]
[WhiteElo "1469"]
[BlackElo "1681"]
[PlyCount "78"]
[EventDate "2020.06.11"]
[EventType "team-swiss (blitz)"]
[EventRounds "7"]
[EventCountry "GER"]
[SourceTitle "EXT 2021"]
[Source "ChessBase"]
[SourceDate "2020.10.23"]
[SourceVersion "1"]
[SourceVersionDate "2020.10.23"]
[SourceQuality "1"]
[WhiteTeam "Baden Eich"]
[BlackTeam "Berlin Rotation"]
[WhiteTeamCountry "GER"]
[BlackTeamCountry "GER"]

1. e4 e5 2. Nf3 Nc6 3. Bc4 Bc5 4. Nc3 Nf6 5. d3 0-0 6. h3 d6 7. Bd2 Be6 8. Bb3 Qd7 9. Na4 Bb6 10. Nxb6 axb6 11. Ng5 h6 12. Nxe6 fxe6 13. g4 d5 14. exd5 exd5 15. g5 hxg5 16. Bxg5 Ne8 17. Bxd5+ Qxd5 18. Rg1 Qd4 19. Be3 Qxb2 20. Rb1 Qxa2 21. Rc1 Qa5+ 22. Bd2 Qc5 23. Rg2 Nd4 24. Be3 Qd5 25. Qg4 Nf3+ 26. Kd1 Nd4 27. Rg3 Qh1+ 28. Kd2 Qd5 29. Bh6 Qf7 30. Be3 Nf3+ 31. Ke2 Nd4+ 32. Kd2 Ra2 33. Bg5 Nb3+ 34. Kd1 Nxc1 35. Kxc1 Ra1+ 36. Kb2 Qa2+ 37. Kc3 Qa3+ 38. Kd2 Qc1+ 39. Ke2 Qe1# 0-1

[Event "GER-chT School WK GS"]
[Site "Playchess.com INT"]
[Date "2020.06.11"]
[Round "1.4"]
[White "Kostov, Kosta"]
[Black "Gersemann, Karl"]
[Result "0-1"]
[WhiteElo "1331"]
[BlackElo "1681"]
[PlyCount "94"]
[EventDate "2020.06.11"]
[EventType "team-swiss (blitz)"]
[EventRounds "7"]
[EventCountry "GER"]
[SourceTitle "EXT 2021"]
[Source "ChessBase"]
[SourceDate "2020.10.23"]
[SourceVersion "1"]
[SourceVersionDate "2020.10.23"]
[SourceQuality "1"]
[WhiteTeam "Rauch BW"]
[BlackTeam "Berlin Rotation"]
[WhiteTeamCountry "GER"]
[BlackTeamCountry "GER"]

1. e4 e5 2. Nf3 Nc6 3. Nc3 Bc5 4. Bc4 Nf6 5. d3 d6 6. Be3 Bb6 7. Qe2 Be6 8. a3 Bxc4 9. dxc4 Ne7 10. 0-0 Ng6 11. Ng5 h6 12. Nf3 0-0 13. Ng5 hxg5 14. Bxg5 c6 15. Bxf6 Qxf6 16. Qh5 Nf4 17. Qf5 Qxf5 18. exf5 f6 19. Rad1 Rad8 20. Rfe1 d5 21. cxd5 cxd5 22. g3 Nh5 23. Rxd5 Rxd5 24. Nxd5 Rd8 25. c4 Bd4 26. Re4 Kf7 27. Rh4 g6 28. fxg6+ Kxg6 29. Kg2 b5 30. f4 bxc4 31. Ne7+ Kf7 32. Nc6 Rd7 33. Rxh5 Bxb2 34. fxe5 Bxa3 35. exf6 Kxf6 36. Ne5 Rc7 37. Ng4+ Kg6 38. Ra5 Bb4 39. Ne5+ Kf5 40. Nd3+ Ke4 41. Nxb4 c3 42. Ra2 a5 43. Re2+ Kd4 44. Nc2+ Kd3 45. Kf2 Rf7+ 46. Ke1 Rb7 47. Kd1 Rb1# 0-1